000 00613nam a2200241Ia 4500
003 OSt
005 20220924131459.0
006 a|||||r|||| 00| 0
007 ta
008 220923b |||||||| |||| 00| 0 san d
024 _a284976
037 _cTextual
040 _aARTS
_cARTS
_bsan
041 _2san
_asan
082 _aQ1, K7
100 _aBhatt Ram Shankar
_9202072
245 0 _aKurmpuranam
260 _aVaranasi
_bIndologycal Book House India
_c1967
300 _a208p.
_ccm.
650 _aRELIGION
942 _hQ1, K7
_cTEXL
_2CC
999 _c427282
_d427282